Lo que pasó con el Papa en Nicaragua /

Gespeichert in:
Bibliographische Detailangaben
1. Verfasser: Cardenal, Ernesto
Format: Text
Schlagworte:
Tags: Tag hinzufügen
Keine Tags, Fügen Sie den ersten Tag hinzu!

MARC

LEADER 00000 a a2200000 04500
001 8344
003
040
100 |a Cardenal, Ernesto  
245 |a Lo que pasó con el Papa en Nicaragua /  |c Ernesto Cardenal 
650 |a RELIGION  
650 |a REVOLUCION  
773 |g número 6; páginas 1-3  
999 |c 37627  |d 37627